| 000 | 00953nac a22002777a 4500 | ||
|---|---|---|---|
| 001 | BR8203576 | ||
| 003 | BR-BrBNA | ||
| 005 | 20240105115351.0 | ||
| 008 | 230509b bl.|||m| |||| 00| 0 por d | ||
| 040 |
_aBR-BrBNA _bpor _cBiblioteca Nacional de Agricultura |
||
| 072 | _aL72; L73 | ||
| 090 | _a5217 BR8203576 | ||
| 100 | 1 | _aLau, H.D. | |
| 110 | 1 | _aCentro de Pesquisa Agropecuaria do Tropico Umido, Belem, PA (Brasil) | |
| 245 | 1 | _aOcorrencia de Mammomonogamus laryngeus parasitando bufalos no estado do Para-Brasil [verminose, laringe] | |
| 260 | 3 |
_aBelem, PA (Brasil): _c1982. |
|
| 300 | _a9 p. | ||
| 490 |
_aBoletim de Pesquisa - Centro de Pesquisa Agropecuaria do Tropico Umido (Brazil) _vno. 43 _xISSN 0100-3011 |
||
| 500 | _aSummaries (En, Pt); 11 ref. | ||
| 650 | _aBUFALO | ||
| 650 | _aPARASITO DE ANIMAL | ||
| 650 | _aVERMINOSE | ||
| 650 | _aLARINGE | ||
| 909 |
_a202312 _bLúcia Elande _c55 _dLúcia Elande |
||
| 942 |
_2AGRIS _n0 _cMS |
||
| 999 |
_c274530 _d274530 |
||